Regional (Record no. 107126)
[ view plain ]
| 000 -LEADER | |
|---|---|
| fixed length control field | 00735cab a22001935a 4500 |
| 001 - CONTROL NUMBER | |
| control field | L138324 |
| 008 - FIXED-LENGTH DATA ELEMENTS--GENERAL INFORMATION | |
| fixed length control field | 070530e2007 xxka f 000 0 eng d |
| 035 ## - SYSTEM CONTROL NUMBER | |
| System control number | (Sirsi) u138324 |
| 041 0# - LANGUAGE CODE | |
| Language code of text/sound track or separate title | eng |
| 100 1# - MAIN ENTRY--PERSONAL NAME | |
| Personal name | Eade, Christine |
| 245 00 - TITLE STATEMENT | |
| Title | Regional |
| Remainder of title | East Anglia |
| 260 ## - PUBLICATION, DISTRIBUTION, ETC. | |
| -- | 2007 |
| 490 #0 - SERIES STATEMENT | |
| Series statement | Property Week |
| Volume/sequential designation | 72(23) 25 May 2007, 81-96(10) |
| 520 ## - SUMMARY, ETC. | |
| Summary, etc. | Discusses the history of a Norwich family firm, an independent department store in Norwich, the industrial property market in Norwich, the destruction of the civic centre in Ipswich, the retail market in Ipswich and Peterborough shed developments. |
| 590 ## - LOCAL NOTE (RLIN) | |
| Local note | KA |
| 651 #4 - SUBJECT ADDED ENTRY--GEOGRAPHIC NAME | |
| Geographic name | EAST ANGLIA |
| 690 ## - LOCAL SUBJECT ADDED ENTRY--TOPICAL TERM (OCLC, RLIN) | |
| Topical term or geographic name as entry element | PROPERTY-COMMERCIAL PROPERTY-COMMERCIAL PROPERTY MARKET |
| 942 ## - ADDED ENTRY ELEMENTS (KOHA) | |
| Suppress in OPAC | 0 |
| Withdrawn status | Lost status | Source of classification or shelving scheme | Damaged status | Not for loan | Home library | Current library | Shelving location | Date acquired | Total Checkouts | Full call number | Barcode | Date last seen | Copy number | Price effective from | Koha item type |
|---|---|---|---|---|---|---|---|---|---|---|---|---|---|---|---|
| Dewey Decimal Classification | London | London | Journal article | 30/05/2007 | L138324 | 138324-1001 | 06/08/2019 | 1 | 06/08/2019 | Journal article |